Statistics for Nejlidnatější státy světa A-Z

Click here to take the quiz!

General Stats

  • This quiz has been taken 592 times
  • The average score is 17 of 27

Answer Stats

zeměpočet obyv.% Correct
ČČína1 412 468 771
99%
IIndie1 281 935 911
93%
RRusko146 544 710
89%
SSpojené státy americké326 625 791
88%
BBrazílie209 908 988
83%
ÍÍrán82 021 564
80%
JJaponsko127 383 854
78%
ŘŘecko11 152 158
78%
ŠŠpanělsko48 958 159
72%
ZZambie15 972 000
68%
OOmán4 758 215
67%
AArgentina44 293 293
64%
EEtiopie105 350 020
64%
ÁÁzerbájdžán9 961 396
62%
TTurecko80 845 215
62%
FFilipíny104 256 076
60%
MMexiko124 574 795
57%
NNigérie190 632 261
57%
PPákistán204 924 861
57%
CHChile17 789 267
53%
VVietnam97 041 072
52%
UUkrajina44 033 874
47%
DDem. rep. Kongo83 301 151
44%
GGhana27 499 924
43%
LLaos7 126 706
38%
KKolumbie47 698 524
33%
HHaiti10 646 714
23%

Score Distribution

Percentile by Number Answered

Percent of People with Each Score

Your Score History

You have not taken this quiz